| 000 | 01087nam a2200313 a 4500 | ||
|---|---|---|---|
| 001 | 000006020 | ||
| 003 | DO-SdBNP | ||
| 005 | 20211206094945.0 | ||
| 007 | ta | ||
| 008 | 970204s198485 pr 001 0 spa spa | ||
| 020 | _a0940238322 | ||
| 040 |
_aDO-SdBNP _bspa _cBNPHU |
||
| 082 | 4 |
_aBNPHU PR860.4 _bG643p, 1984 |
|
| 100 | 1 |
_aGonzález, José Luis, _95327 |
|
| 245 | 1 | 3 |
_aEl país de cuatro pisos y otros ensayos / _cJosé Luis González. |
| 250 | _a4a ed. | ||
| 260 |
_aRio Piedras, Puerto Rico : _bHuracán, _c1984. |
||
| 300 |
_a119 p. ; _c20 cm. |
||
| 490 | 1 | _aLa nave y el puerto ensayo | |
| 490 | 1 | _aEnsayo/crítica | |
| 505 | 0 |
_aEl país de cuatro pisos -- _gLiteratura e identidad nacional en Puerto Rico -- _gPlebeyismo y arte en el Puerto Rico de hoy -- _gEl escritor en el exilio -- |
|
| 590 | _aInventariado, 2021 / DG | ||
| 650 | 1 | 4 |
_aLiteratura puertorriqueña _ySiglo XXI _95259 |
| 650 | 1 | 4 |
_aLiteratura latinoamericana _ySiglo XXI _916961 |
| 830 | 0 |
_aLa nave y el puerto ensayo _916962 |
|
| 830 | 0 |
_aEnsayo/crítica _916963 |
|
| 910 | _aD/G | ||
| 942 |
_2ddc _cLBS1 |
||
| 999 |
_c51102 _d51102 |
||